Information technology and survival of the firm

में बचाया:
ग्रंथसूची विवरण
मुख्य लेखक: Mclaughlin, John
स्वरूप: पुस्तक
भाषा:Undetermined
प्रकाशित: Homewood, Ill. Dow Jones-Irwin 1966
विषय:
टैग : टैग जोड़ें
कोई टैग नहीं, इस रिकॉर्ड को टैग करने वाले पहले व्यक्ति बनें!
Thư viện lưu trữ: Trung tâm Học liệu Trường Đại học Cần Thơ
LEADER 00568nam a2200193Ia 4500
001 CTU_84077
008 210402s9999 xx 000 0 und d
082 |a 651.8 
082 |b M161 
100 |a Mclaughlin, John 
245 0 |a Information technology and survival of the firm 
245 0 |c John Mclaughlin 
260 |a Homewood, Ill. 
260 |b Dow Jones-Irwin 
260 |c 1966 
650 |a Business,Information technology 
650 |x Data processing,Economic aspects 
904 |i QHieu(sửa) 
980 |a Trung tâm Học liệu Trường Đại học Cần Thơ